000 00478nam a2200181Ia 4500
008 230524s9999 xx 000 0 und d
020 _a9788131200896
082 _bAGA
100 _aAnant Agarwal
_942716
245 0 _aFoundation of Analog and Digital Electronics Circuits
250 _a1
260 _aNew Delhi
_bElsevier
_c2015
300 _a"XVII,973p;"
500 _aQuantity Number: 1
650 _aElectronics
700 _a Jeffrey H. Lang
_942717
942 _cBK
999 _c57701
_d57701